[Event "74th Noteboom Open 2014"]
[Site "Leiden NED"]
[Date "2014.03.01"]
[Round "2.28"]
[White "Noordkamp, Wouter"]
[Black "Perez Garcia, Hebert"]
[Result "0-1"]
[WhiteElo "2017"]
[BlackElo "2145"]
[WhiteFideId "1014862"]
[BlackFideId "1002155"]
[EventDate "2014.02.28"]

1. e4 c6 2. d3 d5 3. Nd2 e5 4. Ngf3 Bd6 5. g3 Nf6 6. Bg2 O-O 7. O-O Re8 8. Re1
Nbd7 9. Nf1 a5 10. c3 a4 11. h3 dxe4 12. dxe4 Nc5 13. N3h2 h6 14. g4 Bf8 15. Qf3
Nh7 16. Ng3 Ng5 17. Qe2 Nge6 18. Rd1 Qc7 19. Nh5 Be7 20. Nf3 b6 21. Qc2 g6 22.
Ng3 Nf4 23. Ne2 Nxg2 24. Kxg2 Bf8 25. Be3 Be6 26. Nd2 Red8 27. f3 Rd7 28. h4
Rad8 29. Rh1 Rd3 30. Nf1 Bc4 31. h5 Ne6 32. hxg6 Rxe3 33. gxf7+ Qxf7 34. Nxe3
Bxe2 35. Nf5 Nf4+ 36. Kg3 Rd3 37. Raf1 Bxf1 38. Rxf1 Qxa2 39. Qh2 Qe6 40. Ra1 b5
41. Rh1 Qf6 42. Qc2 Qd8 43. Rh2 Rd1 44. Nd4 Rg1+ 45. Kf2 Rc1 46. Qd2 Rb1 47. Qc2
Rxb2 0-1

[Event "74th Noteboom Open 2014"]
[Site "Leiden NED"]
[Date "2014.03.01"]
[Round "2.33"]
[White "Roorda, Thijs"]
[Black "Vistisen, Lars"]
[Result "0-1"]
[WhiteElo "2090"]
[BlackElo "2181"]
[WhiteFideId "1027930"]
[BlackFideId "1404598"]
[EventDate "2014.02.28"]

1. d4 Nf6 2. Nf3 d6 3. c4 Nbd7 4. Nc3 e5 5. g3 Be7 6. Bg2 c6 7. O-O Qc7 8. b4
Nf8 9. Bb2 Ng6 10. Rc1 O-O 11. c5 e4 12. Ne1 d5 13. e3 b5 14. cxb6 Qxb6 15. a3
Ba6 16. Na4 Qc7 17. Nc5 Bxc5 18. Rxc5 Nd7 19. Ra5 Qb7 20. f4 Bxf1 21. Bxf1 Ne7
22. g4 f5 23. g5 Nc8 24. b5 Nd6 25. bxc6 Qxc6 26. Qb3 Nb6 27. Nc2 Ndc4 28. Ra6
Nd2 29. Bb5 Qg6 30. Qa2 Qh5 31. Ne1 Qh3 32. Kf2 Qxh2+ 33. Ng2 Rac8 34. Bc3 Rxc3
35. Qxd2 Rfc8 0-1

[Event "74th Noteboom Open 2014"]
[Site "Leiden NED"]
[Date "2014.03.01"]
[Round "2.35"]
[White "Wagenaar, Harm Theo"]
[Black "Ikonnikov, Vyacheslav"]
[Result "0-1"]
[BlackTitle "GM"]
[WhiteElo "2063"]
[BlackElo "2580"]
[WhiteFideId "1008293"]
[BlackFideId "4100972"]
[EventDate "2014.02.28"]

1. d4 Nf6 2. Nf3 e6 3. e3 b6 4. Bd3 Bb7 5. O-O c5 6. c4 Be7 7. Nc3 O-O 8. d5
exd5 9. cxd5 d6 10. e4 Nbd7 11. h3 a6 12. a4 Re8 13. Re1 Bf8 14. Bf4 g6 15. Bh2
Qc7 16. Bc4 Nh5 17. Qc2 Bg7 18. Qd2 Ne5 19. Nxe5 dxe5 20. Rad1 Qd6 21. Ne2 Bc8
22. g4 Nf6 23. Nc3 Nd7 24. Rf1 Ra7 25. Rde1 Nf8 26. f4 exf4 27. Bxf4 Be5 28.
Bxe5 Qxe5 29. Qf2 Kg7 30. Rd1 Rd8 31. Rd3 f6 32. Kh1 g5 33. Qf3 Ng6 34. Rd2 Re7
35. Bd3 Nf4 36. Bb1 h5 37. Rh2 hxg4 38. hxg4 Rh8 39. Rxh8 Kxh8 40. Kg1 Rh7 0-1

[Event "74th Noteboom Open 2014"]
[Site "Leiden NED"]
[Date "2014.03.01"]
[Round "2.36"]
[White "De Graaf, Dick"]
[Black "Tinga, Tjerk"]
[Result "1-0"]
[WhiteElo "2195"]
[BlackElo "1959"]
[WhiteFideId "1005677"]
[BlackFideId "1042718"]
[EventDate "2014.02.28"]

1. e4 e5 2. Nf3 Nc6 3. d4 exd4 4. Bc4 Bc5 5. O-O d6 6. h3 Nf6 7. c3 dxc3 8. Nxc3
O-O 9. Bg5 Be6 10. Nd5 Bxd5 11. exd5 Ne5 12. Bb3 Ng6 13. h4 h6 14. h5 Ne5 15.
Bh4 Neg4 16. Rc1 Qd7 17. Rc4 Qf5 18. Bxf6 Nxf6 19. g3 Qh3 20. Nh4 Qxg3+ 21. Ng2
Qg5 22. Qd3 Rae8 23. Rf4 Nxh5 24. Rf5 Qg6 25. Bc2 Ng3 26. Nh4 Ne2+ 27. Kh1 Qg4
28. Rf4 Ng3+ 29. Kg2 1-0

[Event "74th Noteboom Open 2014"]
[Site "Leiden NED"]
[Date "2014.03.01"]
[Round "3.2"]
[White "Van Den Doel, Erik"]
[Black "Van Ketel, Raoul"]
[Result "0-1"]
[WhiteTitle "GM"]
[BlackTitle "FM"]
[WhiteElo "2573"]
[BlackElo "2254"]
[WhiteFideId "1003720"]
[BlackFideId "1004883"]
[EventDate "2014.02.28"]

1. e4 e6 2. d4 d5 3. Nd2 Nf6 4. e5 Nfd7 5. f4 c5 6. Ngf3 Nc6 7. Nb3 cxd4 8.
Nfxd4 Nxd4 9. Qxd4 Qc7 10. c4 f6 11. cxd5 fxe5 12. fxe5 Qxe5+ 13. Qxe5 Nxe5 14.
Bb5+ Bd7 15. Bxd7+ Kxd7 16. dxe6+ Kxe6 17. O-O Be7 18. Be3 Bf6 19. Nc5+ Kf7 20.
Rac1 Kg6 21. Ne6 Rac8 22. Nf4+ Kf7 23. Bxa7 Rxc1 24. Rxc1 Nc6 25. Bc5 Ra8 26.
Ba3 Rd8 27. Rc2 Rd1+ 28. Kf2 g5 29. Ne2 Kg6 30. h3 h5 31. Rc1 Bd4+ 32. Nxd4 Rxc1
33. Ne2 Rc2 34. Ke1 Ne5 35. Kd1 Rc8 36. Bb4 Nc4 37. b3 Ne3+ 38. Kd2 Nxg2 0-1

[Event "74th Noteboom Open 2014"]
[Site "Leiden NED"]
[Date "2014.03.01"]
[Round "3.3"]
[White "Kipper, Jens"]
[Black "Slingerland, Fred"]
[Result "1-0"]
[BlackTitle "IM"]
[WhiteElo "2389"]
[BlackElo "2323"]
[WhiteFideId "4632796"]
[BlackFideId "1002473"]
[EventDate "2014.02.28"]

1. Nf3 Nf6 2. c4 c5 3. Nc3 g6 4. d4 cxd4 5. Nxd4 Nc6 6. e4 d6 7. Be2 Bg7 8. Be3
O-O 9. O-O a6 10. Qd2 Ng4 11. Bxg4 Bxg4 12. f4 Bd7 13. Rad1 Rc8 14. b3 Re8 15.
Qf2 Qa5 16. Nd5 e6 17. Nxc6 Bxc6 18. b4 Qa3 19. Bc1 Qa4 20. Nb6 Qxb4 21. Nxc8
Rxc8 22. e5 dxe5 23. fxe5 Be8 24. Bf4 Bf8 25. Rb1 Qe7 26. Rfc1 Qc7 27. Be3 Bc6
28. Bd4 Be4 29. Rb3 b5 30. c5 Qc6 31. a4 Bd5 32. axb5 axb5 33. Ra3 Rc7 34. h3
Bc4 35. Rca1 Bxc5 36. Ra8+ Bf8 37. Rd8 Bd5 38. Be3 Rd7 39. Rb8 Qc7 40. Rxf8+
Kxf8 41. Qf6 Rd8 42. Ra7 Bb7 43. Qh8+ Ke7 44. Bg5+ Kd7 45. Qxd8+ 1-0

[Event "74th Noteboom Open 2014"]
[Site "Leiden NED"]
[Date "2014.03.01"]
[Round "3.4"]
[White "Groffen, Hans"]
[Black "Haast, Anne"]
[Result "1-0"]
[BlackTitle "WIM"]
[WhiteElo "2166"]
[BlackElo "2310"]
[WhiteFideId "1004140"]
[BlackFideId "1017292"]
[EventDate "2014.02.28"]

1. d4 Nf6 2. c4 c5 3. d5 b5 4. cxb5 a6 5. e3 Bb7 6. Nc3 axb5 7. Bxb5 Qa5 8. Ne2
Nxd5 9. e4 Nxc3 10. Nxc3 Bxe4 11. O-O Bc6 12. Bc4 e6 13. Bg5 Qc7 14. Qg4 Bd6 15.
f4 Qb7 16. b3 Na6 17. Rad1 Qb8 18. a3 f5 19. Qe2 h6 20. Rxd6 Qxd6 21. Rd1 Qc7
22. Nb5 Bxb5 23. Bxb5 Qb6 24. Qh5+ Kf8 25. Rxd7 c4+ 26. Kf1 1-0

[Event "74th Noteboom Open 2014"]
[Site "Leiden NED"]
[Date "2014.03.01"]
[Round "3.6"]
[White "Beeke, Bob"]
[Black "Stork, Ornett"]
[Result "1-0"]
[WhiteElo "2254"]
[BlackElo "2121"]
[WhiteFideId "1011634"]
[BlackFideId "1010719"]
[EventDate "2014.02.28"]

1. Nf3 Nf6 2. c4 g6 3. Nc3 Bg7 4. e4 d6 5. d4 O-O 6. Be2 c5 7. O-O a6 8. Re1 Nc6
9. d5 Na5 10. Rb1 b5 11. cxb5 axb5 12. Bxb5 Ba6 13. e5 Ng4 14. exd6 exd6 15. Ba4
Nc4 16. Bg5 Qa5 17. Bd2 Rab8 18. Bb3 Nxb2 19. Rxb2 Bxc3 20. Rc2 Bxd2 21. Nxd2
Rfe8 22. h3 Nf6 23. Rxe8+ Rxe8 24. Qf3 Kg7 25. Qf4 Re5 26. Nf3 Nh5 27. Qh4 Rf5
28. Qe7 c4 29. Bxc4 Bxc4 30. Rxc4 Qxd5 31. Rd4 Qxa2 32. Rxd6 Qa1+ 33. Kh2 Nf4
34. Nd4 Qb1 35. Nxf5+ Qxf5 36. Qe3 Ne6 37. Rd3 h6 38. Qf3 Qg5 39. Qg3 Qc5 40.
Re3 Kh7 41. Qe5 Qc4 42. Rc3 Qa2 43. Rc8 Ng7 44. Qf6 Qe6 45. Qc3 Qd6+ 46. Qg3 Qe6
47. Qb8 g5 48. Qb1+ Nf5 49. Rb8 1-0

[Event "74th Noteboom Open 2014"]
[Site "Leiden NED"]
[Date "2014.03.01"]
[Round "3.8"]
[White "De Ruiter, Danny"]
[Black "Rausis, Igors"]
[Result "0-1"]
[BlackTitle "GM"]
[WhiteElo "2236"]
[BlackElo "2557"]
[WhiteFideId "1020650"]
[BlackFideId "11600098"]
[EventDate "2014.02.28"]

1. d4 d5 2. c4 dxc4 3. e4 e5 4. Nf3 exd4 5. Bxc4 Nc6 6. O-O Be6 7. Bb5 Bc5 8. b4
Bb6 9. Bb2 Ne7 10. Nxd4 O-O 11. Nxc6 Nxc6 12. Bxc6 bxc6 13. Nc3 a5 14. bxa5 Rxa5
15. Qf3 Qh4 16. Qg3 Qxg3 17. hxg3 f5 18. a4 fxe4 19. Ba3 Rff5 20. g4 Rf4 21. Bb4
Rg5 22. a5 Ba7 0-1

[Event "74th Noteboom Open 2014"]
[Site "Leiden NED"]
[Date "2014.03.01"]
[Round "3.9"]
[White "Van Assendelft, Floris"]
[Black "Hachijan, Armen"]
[Result "1-0"]
[WhiteTitle "IM"]
[WhiteElo "2374"]
[BlackElo "2245"]
[WhiteFideId "1010271"]
[BlackFideId "1028081"]
[EventDate "2014.02.28"]

1. e4 d6 2. d4 Nf6 3. Nc3 e5 4. Nf3 Nbd7 5. Bc4 Be7 6. g4 g6 7. g5 Nh5 8. Be3
O-O 9. Qd2 Nb6 10. Be2 Bg4 11. b3 Nf4 12. Bxf4 exf4 13. h4 f6 14. O-O-O fxg5 15.
Nxg5 Bxg5 16. hxg5 Bxe2 17. Nxe2 Qxg5 18. Rdg1 Qf6 19. Rg4 f3 20. Nf4 Rfe8 21.
Nxg6 hxg6 22. Qh6 Re6 23. Rhg1 Qh8 24. Rxg6+ Rxg6 25. Qxg6+ Kf8 26. e5 dxe5 27.
Rg5 Ke7 28. Rh5 Qf8 29. Rf5 Qg8 30. Qf6+ Kd7 31. Rg5 Qxg5+ 32. Qxg5 exd4 33.
Qg7+ Kc6 34. Qxd4 Rf8 35. Qe4+ Kd6 36. Qxb7 a5 37. c4 Rf7 38. Qe4 c5 39. Qg6+ 1-0

[Event "74th Noteboom Open 2014"]
[Site "Leiden NED"]
[Date "2014.03.01"]
[Round "3.13"]
[White "Pijpers, Arthur"]
[Black "Duijker, Rick"]
[Result "1-0"]
[BlackTitle "FM"]
[WhiteElo "2348"]
[BlackElo "2254"]
[WhiteFideId "1019554"]
[BlackFideId "1010565"]
[EventDate "2014.02.28"]

1. e4 c5 2. Nc3 Nc6 3. Nge2 Nf6 4. d4 cxd4 5. Nxd4 d6 6. Be2 g6 7. Be3 Bg7 8.
Qd2 O-O 9. O-O-O Nxd4 10. Bxd4 Be6 11. Kb1 Qa5 12. Bxf6 exf6 13. Nd5 Qc5 14. Qf4
Bxd5 15. Rxd5 Qb6 16. Rxd6 Qc7 17. Rhd1 Rfe8 18. Bb5 Re5 19. Rd7 Qc5 20. Ba4 f5
21. Bb3 Rf8 22. f3 b5 23. a3 a5 24. g4 a4 25. Ba2 b4 26. axb4 Qxb4 27. Rxf7 Rb5
28. Rxf5+ Kh8 29. Rxf8+ Qxf8 30. Qxf8+ Bxf8 31. c3 1-0

[Event "74th Noteboom Open 2014"]
[Site "Leiden NED"]
[Date "2014.03.01"]
[Round "3.14"]
[White "Wantola, Ivo"]
[Black "Schroer, Marcel"]
[Result "1-0"]
[WhiteTitle "FM"]
[WhiteElo "2338"]
[BlackElo "2172"]
[WhiteFideId "1016067"]
[BlackFideId "1012908"]
[EventDate "2014.02.28"]

1. Nf3 Nf6 2. c4 g6 3. Nc3 d5 4. cxd5 Nxd5 5. Qa4+ c6 6. Nxd5 Qxd5 7. e4 Qd8 8.
d4 Bg7 9. Be2 O-O 10. O-O Nd7 11. Rd1 Qc7 12. Qc2 b6 13. Bg5 f6 14. Bh4 Bb7 15.
d5 Rac8 16. Bg3 Qd8 17. dxc6 Rxc6 18. Qd2 1-0

[Event "74th Noteboom Open 2014"]
[Site "Leiden NED"]
[Date "2014.03.01"]
[Round "3.18"]
[White "Ikonnikov, Vyacheslav"]
[Black "Kevlishvili, Robby"]
[Result "1-0"]
[WhiteTitle "GM"]
[WhiteElo "2580"]
[BlackElo "2139"]
[WhiteFideId "4100972"]
[BlackFideId "1040634"]
[EventDate "2014.02.28"]

1. d4 d5 2. Nf3 Nf6 3. c4 c6 4. Nc3 e6 5. Bg5 h6 6. Bxf6 Qxf6 7. e3 Nd7 8. Qc2
g6 9. cxd5 exd5 10. Bd3 Bg7 11. O-O O-O 12. b4 Nb6 13. Nd2 Qe7 14. Rab1 Be6 15.
Ne2 Rfc8 16. Nf4 Nd7 17. Nxe6 Qxe6 18. Nb3 Rab8 19. Rfe1 Qd6 20. a3 Rc7 21. Rbc1
Rbc8 22. Red1 Nf8 23. Bf1 Ne6 24. g3 h5 25. h4 f5 26. Bg2 Bf8 27. Qd3 Qd7 28.
Nd2 Bg7 29. Nf3 Bf6 30. Rc2 Rd8 31. Rdc1 Rdc8 32. Rc3 Kg7 33. Ne1 Kg8 34. Qd1
Kg7 35. Nd3 Kg8 36. a4 a6 37. Qb3 Kh7 38. b5 cxb5 39. Rxc7 Nxc7 40. axb5 axb5
41. Nf4 Rd8 42. Qc3 Ne6 43. Nxd5 Bg7 44. Qb3 Rc8 45. Rxc8 Qxc8 46. Qxb5 Qc1+ 47.
Kh2 Nc7 48. Qxb7 Nxd5 49. Bxd5 Qf1 50. Qb2 Qd1 51. Kg2 Qd3 52. Qb7 Qa3 53. Qc6
Qe7 54. Be6 Bf6 55. f4 Bg7 56. Kf3 Qa7 57. Kg2 Qe7 58. Qb6 Qe8 59. d5 Bf8 60.
Qc6 Qb8 61. Bf7 Qb2+ 62. Kh3 Qg7 63. Qe6 Bc5 64. Be8 Kh6 65. d6 Bb6 66. Qe7 Bc5
67. Qg5+ Kh7 68. d7 Qa1 69. Bxg6+ Kg7 70. Bxh5+ Kh7 71. Qg6+ Kh8 72. d8=Q+ 1-0

[Event "74th Noteboom Open 2014"]
[Site "Leiden NED"]
[Date "2014.03.01"]
[Round "3.35"]
[White "De Bruijne, Arian"]
[Black "Habig, Bryan"]
[Result "1/2-1/2"]
[WhiteElo "1956"]
[BlackElo "1958"]
[WhiteFideId "1039946"]
[BlackFideId "1049240"]
[EventDate "2014.02.28"]

1. e4 e6 2. d4 d5 3. Nd2 Nf6 4. e5 Nfd7 5. Bd3 c5 6. c3 Nc6 7. Ne2 Qb6 8. Nf3
cxd4 9. cxd4 f6 10. Nf4 fxe5 11. Nxe6 e4 12. Nfg5 Nf6 13. O-O h6 14. Bxe4 dxe4
15. d5 hxg5 16. Be3 Bxe6 17. Bxb6 Nxd5 18. Be3 Bd6 19. g3 O-O-O 20. Qa4 Nxe3 21.
fxe3 Rhe8 22. Rac1 Kb8 23. Rfd1 Bg4 24. Rd2 Bf3 25. Qb5 Re5 26. Qb3 Kc7 27. Rdc2
g4 28. Qa4 Kb8 29. b4 a6 30. Rxc6 bxc6 31. Qxa6 Bc7 32. Qxc6 Re7 33. Qb5+ Kc8
34. Qa6+ Kb8 35. a4 Red7 36. Qb5+ 1/2-1/2

[Event "74th Noteboom Open 2014"]
[Site "Leiden NED"]
[Date "2014.03.01"]
[Round "3.36"]
[White "Becx, Cesar"]
[Black "Keetman, Maaike"]
[Result "0-1"]
[WhiteTitle "FM"]
[WhiteElo "2227"]
[BlackElo "1955"]
[WhiteFideId "1001183"]
[BlackFideId "1033697"]
[EventDate "2014.02.28"]

1. f4 d5 2. Nf3 Nf6 3. g3 Bf5 4. Bg2 e6 5. c4 c6 6. Qb3 Qc7 7. cxd5 exd5 8. d3
Nbd7 9. Nh4 Nc5 10. Qc2 Bd7 11. Be3 Qa5+ 12. Qd2 Qa6 13. Qc3 Ne6 14. f5 Nc7 15.
Qe5+ Kd8 16. Qf4 Nb5 17. Nf3 Bd6 18. Qg5 Rg8 19. O-O Be7 20. Ne5 Ke8 21. Nxd7
Nxd7 22. Qf4 Bd6 23. Qh4 h6 24. a4 Be5 25. d4 Bc7 26. f6 Bd8 27. Bh3 Nxf6 28.
Qf4 Bc7 29. Qf5 Nd6 30. Qe5+ Kd8 31. Rxf6 Ne4 32. Qf5 Nxf6 0-1

[Event "74th Noteboom Open 2014"]
[Site "Leiden NED"]
[Date "2014.03.01"]
[Round "3.40"]
[White "Thakoerdien, Jerrel"]
[Black "Van Helvoort, Rob"]
[Result "1-0"]
[WhiteElo "2114"]
[BlackElo "2151"]
[WhiteFideId "1037439"]
[BlackFideId "1005596"]
[EventDate "2014.02.28"]

1. d4 Nf6 2. Nf3 g6 3. c4 Bg7 4. Nc3 d5 5. Bf4 dxc4 6. e4 Bg4 7. Be3 O-O 8. Bxc4
Nfd7 9. O-O Nc6 10. Be2 Nb6 11. d5 Bxf3 12. Bxf3 Ne5 13. Be2 Nec4 14. Bg5 h6 15.
Bf4 c6 16. Qb3 cxd5 17. exd5 Qc8 18. Rac1 Qf5 19. g3 Rfc8 20. Nd1 Ne5 21. Ne3
Qe4 22. Bxe5 Qxe5 23. Bf3 h5 24. a4 Qxb2 25. Qxb2 Bxb2 26. Rb1 Nxa4 27. Bd1 1-0

[Event "74th Noteboom Open 2014"]
[Site "Leiden NED"]
[Date "2014.03.01"]
[Round "4.2"]
[White "Tikranian, Alik"]
[Black "Kipper, Jens"]
[Result "1-0"]
[WhiteElo "1993"]
[BlackElo "2389"]
[WhiteFideId "1040952"]
[BlackFideId "4632796"]
[EventDate "2014.02.28"]

1. Nf3 Nf6 2. c4 e6 3. e3 d5 4. b3 b6 5. Bb2 Bd6 6. Nc3 O-O 7. Be2 Bb7 8. O-O a6
9. Qc2 Nbd7 10. cxd5 exd5 11. h3 Qe7 12. Qf5 Rfe8 13. Rac1 Nf8 14. Rfe1 Rad8 15.
Bf1 Ne4 16. Qh5 Ne6 17. Nxe4 dxe4 18. Nd4 g6 19. Qd1 Nxd4 20. Bxd4 Be5 21. Bxe5
Qxe5 22. Qc2 Re7 23. Red1 Red7 24. d4 exd3 25. Rxd3 Rxd3 26. Bxd3 Qd5 27. Bf1 c5
28. Qb2 a5 29. Qc3 Rd6 30. Qb2 Qg5 31. Qc2 Qd8 32. Qb1 Rd5 33. Qe4 Qd7 34. Qh4
Kg7 35. Bc4 Rd2 36. Qf4 Qe7 37. a4 Rd6 38. Rc3 Qd7 39. e4 Rd1+ 40. Kh2 Rd4 41.
Rf3 f5 42. Qe5+ Kh6 43. Rxf5 Bxe4 44. Qf4+ 1-0

[Event "74th Noteboom Open 2014"]
[Site "Leiden NED"]
[Date "2014.03.01"]
[Round "4.3"]
[White "Andersson, Ulf"]
[Black "Wantola, Ivo"]
[Result "1/2-1/2"]
[WhiteTitle "GM"]
[BlackTitle "FM"]
[WhiteElo "2544"]
[BlackElo "2338"]
[WhiteFideId "1700014"]
[BlackFideId "1016067"]
[EventDate "2014.02.28"]

1. Nf3 c5 2. c4 g6 3. d4 cxd4 4. Nxd4 Nc6 5. e4 Nf6 6. Nc3 Nxd4 7. Qxd4 d6 8.
Be2 Bg7 9. Be3 O-O 10. Qd2 Be6 11. Rc1 Qa5 12. f3 Rfc8 13. b3 a6 14. Nd5 Qxd2+
15. Kxd2 Nxd5 16. cxd5 Bd7 17. Rxc8+ Rxc8 18. Rc1 Rxc1 19. Kxc1 1/2-1/2

[Event "74th Noteboom Open 2014"]
[Site "Leiden NED"]
[Date "2014.03.01"]
[Round "4.4"]
[White "Rausis, Igors"]
[Black "Pijpers, Arthur"]
[Result "1-0"]
[WhiteTitle "GM"]
[WhiteElo "2557"]
[BlackElo "2348"]
[WhiteFideId "11600098"]
[BlackFideId "1019554"]
[EventDate "2014.02.28"]

1. Nf3 d5 2. d4 Nf6 3. c4 c6 4. g3 dxc4 5. Bg2 Nbd7 6. O-O g6 7. a4 a5 8. Nbd2
Nb6 9. Qc2 Bg7 10. Nxc4 Bf5 11. Qb3 Nxc4 12. Qxc4 Be4 13. Qb3 O-O 14. Rd1 Nd7
15. Nh4 Bxg2 16. Kxg2 Qb6 17. Qxb6 Nxb6 18. Bf4 Nd5 19. Nf3 Rfd8 20. Rac1 Nxf4+
21. gxf4 Ra6 22. Rd3 b5 23. b3 bxa4 24. bxa4 Rb8 25. e3 e6 26. Rdc3 Rb4 27. Rxc6
Rxc6 28. Rxc6 Bf6 29. d5 Kf8 30. d6 Ke8 31. Ne5 Bxe5 32. fxe5 Rxa4 33. Rc8+ Kd7
34. Rf8 Rg4+ 35. Kf3 Rg5 36. Rxf7+ Kd8 37. Ke4 Rh5 38. Re7 Rh4+ 39. f4 Rxh2 40.
Rxe6 Rd2 41. Re7 a4 42. Ra7 h5 43. Rxa4 h4 44. Ra8+ Kd7 45. Ra7+ Ke6 46. Re7# 1-0

[Event "74th Noteboom Open 2014"]
[Site "Leiden NED"]
[Date "2014.03.01"]
[Round "4.7"]
[White "Ikonnikov, Vyacheslav"]
[Black "Vereggen, Lars"]
[Result "1-0"]
[WhiteTitle "GM"]
[WhiteElo "2580"]
[BlackElo "2173"]
[WhiteFideId "4100972"]
[BlackFideId "1029258"]
[EventDate "2014.02.28"]

1. d4 Nf6 2. Nf3 e6 3. c4 b6 4. g3 Ba6 5. b3 c6 6. Bg2 d5 7. O-O Nbd7 8. Nbd2
Be7 9. Bb2 O-O 10. Ne5 Nxe5 11. dxe5 Nd7 12. Rc1 Rc8 13. Qc2 Re8 14. Rfd1 f6 15.
Bh3 Nf8 16. Nf3 f5 17. Nd4 Bc5 18. e3 Qe7 19. Bf1 Qb7 20. a3 Nd7 21. Nxe6 Rxe6
22. cxd5 cxd5 23. Bxa6 Qxa6 24. b4 Nxe5 25. bxc5 bxc5 26. Rxd5 Nf3+ 27. Kg2 Qc6
28. Qxc5 Ne1+ 29. Kg1 1-0

[Event "74th Noteboom Open 2014"]
[Site "Leiden NED"]
[Date "2014.03.01"]
[Round "4.9"]
[White "Bijlsma, Nick"]
[Black "De Jeu, Marcel"]
[Result "1-0"]
[WhiteElo "2199"]
[BlackElo "1911"]
[WhiteFideId "1007041"]
[BlackFideId "1018108"]
[EventDate "2014.02.28"]

1. e4 d6 2. d4 Nf6 3. Nc3 e5 4. Nf3 exd4 5. Nxd4 Be7 6. g3 O-O 7. Bg2 Re8 8. O-O
c6 9. h3 Na6 10. g4 h6 11. f4 Bf8 12. Kh1 Nc5 13. Re1 a5 14. b3 Qc7 15. a4 Rb8
16. Bb2 Bd7 17. Qf3 b5 18. axb5 cxb5 19. g5 hxg5 20. fxg5 Nh7 21. Nd5 Qd8 22. h4
Be7 23. Rf1 f6 24. Qh5 a4 25. g6 Nf8 26. Nf5 axb3 27. Nfxe7+ Rxe7 28. Nxf6+ gxf6
29. Bxf6 1-0

[Event "74th Noteboom Open 2014"]
[Site "Leiden NED"]
[Date "2014.03.01"]
[Round "4.12"]
[White "Stewart, Neil"]
[Black "Meissner, Felix"]
[Result "0-1"]
[WhiteTitle "FM"]
[WhiteElo "2263"]
[BlackElo "2296"]
[WhiteFideId "4636988"]
[BlackFideId "24671827"]
[EventDate "2014.02.28"]

1. Nf3 Nf6 2. g3 g6 3. Bg2 Bg7 4. O-O O-O 5. d4 d5 6. Bf4 c6 7. Qc1 Qb6 8. Nbd2
Nbd7 9. c4 Nh5 10. Be3 e6 11. Nb3 a5 12. Qc2 Qa6 13. Rac1 a4 14. Nbd2 f5 15. Bg5
Re8 16. e3 Qb6 17. Rfe1 Ndf6 18. c5 Qa5 19. Bf4 Ne4 20. Rcd1 Nxf4 21. exf4 b6
22. cxb6 Qxb6 23. Nxe4 fxe4 24. Ne5 Bxe5 25. fxe5 Bd7 26. Re3 Rec8 27. Rc3 Ra5
28. Rc5 Rb8 29. Rd2 Rxc5 30. dxc5 Qa7 31. Bf1 Rb4 32. Qc3 Rb8 33. h4 Rf8 34. Be2
Qb8 35. Bd1 Rf5 36. Bxa4 Rxe5 37. Qe3 Rf5 38. Bd1 Rf7 39. h5 e5 40. hxg6 hxg6
41. Qh6 Qb4 42. Qxg6+ Rg7 43. Qh6 Qxc5 44. Qh4 Qa5 45. b4 Qxb4 46. Qd8+ Qf8 47.
Qxf8+ Kxf8 48. a4 Ke7 49. Rb2 Rg8 50. Rb7 Kd6 51. Kf1 Ra8 52. g4 c5 53. g5 Bxa4
54. Bxa4 Rxa4 55. g6 Ra8 56. g7 c4 57. Ke2 d4 58. Kd2 Rg8 0-1

[Event "74th Noteboom Open 2014"]
[Site "Leiden NED"]
[Date "2014.03.01"]
[Round "4.13"]
[White "Padurariu, Ioana-Smaranda"]
[Black "Van Den Doel, Erik"]
[Result "0-1"]
[WhiteTitle "WIM"]
[BlackTitle "GM"]
[WhiteElo "2210"]
[BlackElo "2573"]
[WhiteFideId "1210947"]
[BlackFideId "1003720"]
[EventDate "2014.02.28"]

1. e4 d5 2. exd5 Qxd5 3. Nc3 Qd6 4. d4 Nf6 5. Nf3 c6 6. g3 Bg4 7. Bg2 e6 8. O-O
Be7 9. h3 Bh5 10. Re1 O-O 11. Bf4 Qb4 12. g4 Bg6 13. Rb1 Nbd7 14. a3 Qb6 15. Qe2
Rfe8 16. Bg3 Rac8 17. Ne5 Nf8 18. Red1 Rcd8 19. Nc4 Qa6 20. Ne3 Qxe2 21. Nxe2
Ne4 22. Bh2 Nd7 23. Rbc1 Nb6 24. Nf4 Bh4 25. Rf1 Nd2 26. Rfd1 Rxd4 27. Nxg6 hxg6
28. Be5 Rd7 29. b3 Bf6 30. Bxf6 gxf6 31. a4 a5 32. h4 f5 33. g5 Kg7 34. f3 Red8
35. Ra1 e5 36. Rac1 c5 37. h5 c4 38. h6+ Kh7 39. Nxc4 Ndxc4 40. Rxd7 Rxd7 41.
bxc4 Nxc4 42. Bf1 Nd2 43. Be2 f4 44. Kh1 Rd6 0-1

[Event "74th Noteboom Open 2014"]
[Site "Leiden NED"]
[Date "2014.03.01"]
[Round "4.14"]
[White "Cebula, Jerzy"]
[Black "Miedema, David"]
[Result "0-1"]
[BlackTitle "IM"]
[WhiteElo "2003"]
[BlackElo "2389"]
[WhiteFideId "1036742"]
[BlackFideId "1018477"]
[EventDate "2014.02.28"]

1. e4 e6 2. d4 d5 3. e5 c5 4. c3 Nc6 5. Nf3 Bd7 6. Be2 f6 7. O-O fxe5 8. Nxe5
Nxe5 9. dxe5 Qc7 10. f4 Nh6 11. c4 d4 12. Qd3 Be7 13. Nd2 O-O 14. Ne4 Nf5 15.
Bd2 Bc6 16. Bg4 b6 17. a3 Qb7 18. Bf3 Nh4 19. Rae1 b5 20. b3 bxc4 21. bxc4 Nxf3+
22. Rxf3 Rab8 23. Rh3 Bxe4 24. Rxe4 Qb1+ 25. Re1 Qxd3 26. Rxd3 Rb2 27. Rc1 Rfb8
28. Kf1 Ra2 29. Ke1 h5 30. Kd1 Rbb2 31. g3 g5 32. fxg5 Rxd2+ 33. Rxd2 Rxd2+ 34.
Kxd2 Bxg5+ 35. Kd1 Bxc1 36. Kxc1 Kg7 37. h3 Kg6 0-1

[Event "74th Noteboom Open 2014"]
[Site "Leiden NED"]
[Date "2014.03.01"]
[Round "4.15"]
[White "Perez Garcia, Hebert"]
[Black "Van Der Werf, Mark"]
[Result "0-1"]
[BlackTitle "IM"]
[WhiteElo "2145"]
[BlackElo "2426"]
[WhiteFideId "1002155"]
[BlackFideId "1000470"]
[EventDate "2014.02.28"]

1. Nf3 Nf6 2. c4 e6 3. d4 d5 4. e3 b6 5. Bd3 Bb7 6. Nc3 Be7 7. O-O O-O 8. Qe2 c5
9. Rd1 Nc6 10. a3 cxd4 11. exd4 Na5 12. cxd5 Nxd5 13. Nxd5 Bxd5 14. Be3 Bd6 15.
Ne5 Rc8 16. b4 Nc6 17. f4 Ne7 18. Ba6 Rc7 19. Rdc1 Nf5 20. Rxc7 Bxc7 21. Rc1 Ba8
22. Rd1 Qd5 23. Bc4 Qe4 24. Bc1 Rd8 25. Qxe4 Bxe4 26. Bb2 Kf8 27. b5 Bxe5 28.
fxe5 Bxg2 29. Rc1 Be4 30. Bf1 Nxd4 31. Bxd4 Rxd4 32. Rc7 Ra4 33. Rc3 Ke8 34. Kf2
Kd7 35. Bc4 Bd5 36. Bd3 Rf4+ 37. Ke3 Rf3+ 38. Kd4 Rh3 39. Rc2 f6 40. exf6 gxf6
41. Rf2 Ke7 42. Rc2 Kd6 0-1